000 01321nam a2200349 i 4500
001 000026412
003 DO-SdBNP
005 20250515111815.0
007 ta
008 110317s2005 dr ac 000 0 spa d
020 _a9945405217
040 _aDO-SdBNP
_bspa
_cBNPHU
_erda
041 _aspa
082 4 _a321.8
_bU76c
_222
100 _aUribe Peguero, Eurípides Antonio,
_eautor
_4aut.
_911673
245 1 4 _aLas caretas de la democracia /
_cEurípides Antonio Uribe Peguero ; prólogo, Bonaparte Gautreaux Piñeyro
264 1 _aSanto Domingo :
_bEditora Manatú,
_c2005.
300 _a495 páginas :
_bilustraciones, retratos ;
_c24 cm.
336 _atexto
_btxt
_2rdacontent
337 _asin mediación
_bn
_2rdamedia
338 _avolumen
_bnc
_2rdacarrier
500 _aIncluye índice onomástico
500 _aIncluye referencias bibliográficas y notas al pie de las páginas
504 _aBibliografía : páginas 487-489
590 _aLa biblioteca posee 3 ejemplares autografiados por el autor
590 _aInventariado, 2025/BT
650 4 _aDemocracia
_zRepública Dominicana
_96412
651 4 _aRepública Dominicana
_xPolítica y gobierno
_y1961-
_9204
700 _aGautreaux Piñeyro, Bonaparte,
_eprologuista
_4pr.
_928986
910 _aValidado. Control de calidad. MFF
942 _2ddc
_cLBS1
999 _c25904
_d25904